Score 0/39 Timer 05:00
0 Plays Today
Hint H pour Havrais, R pour Rouennais % Correct
La fin de vie de Jeanne d'Arc???
91.1%
La mer???
90.4%
Les 100 clochers???
89.5%
Le Volcan???
88.7%
Le siège de la Région Normandie???
88.1%
Le funiculaire???
86.4%
La place 'du Vieux'???
86.3%
Les Dragons???
85.8%
Le 'Gros'???
84.3%
Un Zénith???
83.1%
Les maisons à colombages???
82.6%
La puissance de son port???
82.5%
Le 106, le 107...???
81.6%
La colline Sainte-Catherine???
80.9%
Une équipe de foot en Ligue 2???
78.7%
Le béton???
78.5%
La piscine urbaine classée 'plus cool du monde'???
78.1%
René Coty???
77.9%
La série Mortel, diffusée sur Netflix???
77%
Keen V???
75.3%
Hint H pour Havrais, R pour Rouennais % Correct
Un classement à l'Unesco???
73%
Laurent Ruquier???
71%
Thomas Pesquet???
71%
Le marché aux poissons???
70.8%
Franck Dubosc???
70.1%
Médine???
68.7%
Tony Parker???
66.6%
Les galères de parking???
60.2%
Le Mirliton???
52.8%
Une rue Maximilien Robespierre???
48.8%
Une équipe de basket en Pro B???
45.7%
La plus importante population de Normandie???
42.3%
Les Docks???
38.7%
Un restaurant deux étoiles???
19.7%
La cathédrale Notre-Dame???
12.1%
Une librairie indépendante impressionnante???
12.1%
La rue Jeanne d'Arc???
10.6%
Une source d'inspiration pour un emblématique tableau de Monet???
7.7%
Édouard Philippe???
4%
Remove Ads.
Support Sporcle.
Get the best of Sporcle when you Go Orange. This ad-free experience offers more features, more stats, and more fun while also helping to support Sporcle. Thank you for becoming a member.

You're not logged in!

Compare scores with friends on all Sporcle quizzes.
OR
Log In

Show Comments

Extras

Created Nov 20, 2020ReportNominate
Tags:Deux, les

Top Quizzes Today


Score Distribution

Your Account Isn't Verified!

In order to create a playlist on Sporcle, you need to verify the email address you used during registration. Go to your Sporcle Settings to finish the process.

Report this User

Report this user for behavior that violates our Community Guidelines.

Details: